Văn học Mỹ Mấy vấn đề và tác giả

Uloženo v:
Podrobná bibliografie
Hlavní autor: Lê Đình Cúc
Médium: Kniha
Jazyk:Undetermined
Vydáno: Hà Nội KHXH 2001
Témata:
Tagy: Přidat tag
Žádné tagy, Buďte první, kdo otaguje tento záznam!
Thư viện lưu trữ: Trung tâm Học liệu Trường Đại học Cần Thơ
LEADER 00583nam a2200205Ia 4500
001 CTU_43598
008 210402s9999 xx 000 0 und d
082 |a 810.9 
082 |b C506/T1 
100 |a Lê Đình Cúc 
245 0 |a Văn học Mỹ 
245 0 |b Mấy vấn đề và tác giả 
245 0 |c Lê Đình Cúc 
260 |a Hà Nội 
260 |b KHXH 
260 |c 2001 
526 |a Văn học Châu Mỹ 
526 |b SP534 
650 |a american literature - history and criticism 
980 |a Trung tâm Học liệu Trường Đại học Cần Thơ